| 000 | 00650nam a2200241 i 4500 | ||
|---|---|---|---|
| 001 | bg | ||
| 100 | 1 | _aMalina, Witold | |
| 245 | 1 | 0 |
_aPodstawy automatycznej klasyfikacji obrazów / _cWitold Malina. |
| 250 | _aWyd. 4. | ||
| 260 |
_aGdańsk : _bWydaw. Politechniki Gdańskiej, _c2002. |
||
| 300 |
_a95 s. : _bil. ; _c24 cm. |
||
| 504 | _aBibliogr. | ||
| 650 | 9 | _aAlgorytmy | |
| 650 | 9 | _aRozpoznawanie obrazów | |
| 655 | _aPodręczniki akademickie | ||
| 020 | _a8388007947 | ||
| 040 | _cBPK | ||
| 041 | 0 | _apl | |
| 080 | _a004.93'1:004.421](075.8) | ||
| 920 | _a83-88007-94-7 | ||
| 942 | _cKS | ||
| 008 | s pl f |000 0 pol | ||
| 999 |
_c42083 _d42083 |
||